Statistics for Capitals of the Oceania (Very Hard)

Click here to take the quiz!

General Stats

  • This quiz has been taken 17 times
    (9 since last reset)
  • The average score is 21 of 30

Answer Stats

CountryCapital% Correct
AustraliaCanberra
100%
IndonesiaJakarta
100%
TongaNukuʻalofa
100%
Federated States of MicronesiaPalikir
100%
Papua New GuineaPort Moresby
100%
FijiSuva
100%
TuvaluVaiaku / Funafuti
100%
New ZealandWellington
100%
NauruYaren
100%
SamoaApia
83%
KiribatiBairiki / South Tarawa
83%
PalauNgerulmud
83%
VanuatuPort Vila
83%
NiueAlofi
67%
Marshall IslandsDelap / Majuro
67%
Solomon IslandsHoniara
67%
New CaledoniaNouméa
67%
Chile (Juan Fernández Islands)Santiago
67%
Japan (Ogasawara Village)Tokyo
67%
United States (Hawaii)Washington
67%
TokelauAtafu
50%
American SamoaPago Pago / Fagatogo
50%
French PolynesiaPapeete
50%
Pitcairn IslandsAdamstown
33%
Cook IslandsAvarua
33%
Northern Mariana IslandsCapitol Hill / Saipan
33%
GuamHagåtña
33%
Easter IslandHanga Roa
33%
Norfolk IslandKingston
33%
Wallis and FutunaMata-Utu
33%

Score Distribution

Percentile by Number Answered

Percent of People with Each Score

Your Score History

You have not taken this quiz since the last reset